| 000 | 005070000a22001810004500 | ||
|---|---|---|---|
| 003 | MACL | ||
| 005 | 20151021102313.0 | ||
| 008 | 151021b xxu||||| |||| 00| 0 eng d | ||
| 040 |
_aMACL _cMACL |
||
| 041 | _aEnglish | ||
| 082 | _a954/BAR | ||
| 100 |
_aBarnett , Lionel D. _916029 |
||
| 245 |
_aAntiquities Of India _bAn Account Of The History And Culture Of Ancienf Hindustan |
||
| 260 |
_aNew Delhi _bAsian Educational Services _c1994 |
||
| 350 | _a395 | ||
| 650 |
_aHistory _916030 |
||
| 942 |
_cBK _k954 _2ddc |
||
| 999 |
_c3299 _d3299 |
||